000 00558nam a2200217Ia 4500
003 OSt
005 20220928151632.0
006 a|||||r|||| 00| 0
007 ta
008 220927b |||||||| |||| 00| 0 eng d
024 _a130057
037 _cTextual
040 _aSDCL
_cSDCL
_beng
041 _2eng
_aeng
082 _aO-:gxjN04, K5
100 _aSeturaman V S Ed.
_9517870
245 0 _aCritical essays on English literature
260 _c1965
942 _hO-:gxjN04, K5
_cTEXL
_2CC
999 _c852347
_d852347